000 00353nam a2200133Ia 4500
008 220217s9999||||xx |||||||||||||| ||und||
020 _a81-7808-545-3
082 _a004.165 ANT
100 _aAntonakos, James, L
245 0 _aPentium microprocessor
260 _aPearson education asia
_bDelhi
_c2002
300 _b250
650 _aMICROPROCESSOR
999 _c169508
_d169508